书目信息 |
| 题名: |
你生命中的休闲
|
|
| 作者: | 戈比 著 | |
| 分册: | ||
| 出版信息: | 昆明 云南人民出版社 2000.08 |
|
| 页数: | 416页 | |
| 开本: | 32开 | |
| 丛书名: | ||
| 单 册: | ||
| 中图分类: | C913.3 | |
| 科图分类: | ||
| 主题词: | 社会生活 , 社会问题 | |
| 电子资源: | ||
| ISBN: | 7-222-02554-5 | |
| 000 | 00591nam0 2200205 45 | |
| 001 | 0104171192 | |
| 005 | 20010417145613.9 | |
| 010 | @a7-222-02554-5@d28.00元 | |
| 100 | @a20010417d2000 km y0chiy0120 ea | |
| 101 | 0 | @achi |
| 105 | @a z 000yy | |
| 200 | 1 | @a你生命中的休闲@ANi Sheng Ming Zhong De Xiu Xian@f(美)戈比著;康筝译@F(Mei)Ge Bi Zhu;Kang Zheng Yi |
| 210 | @a昆明@c云南人民出版社@d2000.08 | |
| 215 | @a416页@d32开 | |
| 606 | 0 | @a社会生活 |
| 606 | 0 | @a社会问题 |
| 690 | @aC913.3@v3 | |
| 701 | 0 | @a戈比@4著 |
| 801 | @aCN@bPftUser@c20010417 | |
| 905 | @b339281-282@dC913.3@eG.313@f2 | |
| 你生命中的休闲/(美)戈比著;康筝译.-昆明:云南人民出版社,2000.08 |
| 416页;32开 |
| ISBN 7-222-02554-5:28.00元 |
| ● |
| 相关链接 |
|
|
|
正题名:你生命中的休闲
索取号:C913.3/G.313
 
预约/预借
| 序号 | 登录号 | 条形码 | 馆藏地/架位号 | 状态 | 备注 |
| 1 | 339281 | 203392818 | 社科库509/509社科库 62排1列5层/ [索取号:C913.3/G.313] | 在馆 | |
| 2 | 339282 | 203392827 | 社科库509/509社科库 62排1列5层/ [索取号:C913.3/G.313] | 在馆 |